000 00549nam a2200181Ia 4500
005 20260601193223.0
008 260601s9999||||xx |||||||||||||| ||und||
020 _a978-3-031-35374-1
_qebk
100 _aDirk Burghardt
245 0 _aVolunteered Geographic Information
250 _a1st ed. 2024
260 _aHeidelberg, Germany
_bSpringer Nature
_c2024
650 _aComputer Science
700 _aDaniel A. Keim
700 _aElena Demidova
856 _uhttps://link.springer.com/openurl?genre=book&isbn=978-3-031-35374-1
942 _cEB
_2ddc
999 _c55865
_d55865